00340nam a2200133Ia 4500008004100000020001500041041001200056082001600068100001400084245004700098260003700145300000800182650001600190221030s9999 xx 000 0 und d a8125909532 aEnglish a105.23bSax aS. Saxena 0aMS - Office 97 in a Nutshellcby S. Saxena bVikas Pub HouseaNew Delhic2000 a126 aBE Computer